It looks like you're offline.
Open Library logo
additional options menu

MARC record from Internet Archive

LEADER: 01079cam a22002534a 4500
001 2001023799
003 DLC
005 20100212084933.0
008 010308s2001 mdua b 001 0 eng
010 $a 2001023799
020 $a0876592582
040 $aDLC$cDLC$dDLC
042 $apcc
050 00 $aLB1139.5.R43$bS35 2001
082 00 $a372.4$221
100 1 $aSchiller, Pamela Byrne.
245 10 $aCreating readers :$bover 1000 games, activities, tongue twisters, fingerplays, songs, and stories to get children excited about reading /$cPam Schiller ; illustrations, Richele Bartkowiak and K. Whelan Dery.
260 $aBeltsville, MD :$bGryphon House,$cc2001.
300 $a447 p. :$bill. ;$c28 cm.
504 $aIncludes bibliographical references (p. 422) and index.
650 0 $aReading (Early childhood)
650 0 $aEarly childhood education$xActivity programs.
856 42 $3Contributor biographical information$uhttp://www.loc.gov/catdir/enhancements/fy1004/2001023799-b.html
856 42 $3Publisher description$uhttp://www.loc.gov/catdir/enhancements/fy1004/2001023799-d.html